[Event "BL2-West 2223"]
[Site "Germany"]
[Date "2023.02.26"]
[Round "8.2"]
[White "Rotstein, Arkadij"]
[Black "Sulskis, Sarunas"]
[Result "1/2-1/2"]
[WhiteElo "2464"]
[BlackElo "2477"]
[PlyCount "133"]
[EventDate "2022.10.22"]
[EventType "team-tourn"]
[EventRounds "10"]
[EventCountry "GER"]
[SourceTitle "EXT 2024"]
[Source "ChessBase"]
[SourceDate "2023.10.10"]
[SourceVersion "1"]
[SourceVersionDate "2023.10.10"]
[SourceQuality "1"]
[WhiteTeam "Koeln Porz"]
[BlackTeam "Koblenz"]
[WhiteTeamCountry "GER"]
[BlackTeamCountry "GER"]

1. Nf3 d5 2. e3 c5 3. b3 a6 4. Bb2 Nc6 5. Be2 Nf6 6. 0-0 Qd6 7. d4 cxd4 8. Nxd4 e5 9. Ba3 Qc7 10. Bxf8 Kxf8 11. Nxc6 bxc6 12. c4 h5 13. Nc3 dxc4 14. Bxc4 e4 15. f3 Bf5 16. Nxe4 Bxe4 17. fxe4 Re8 18. Qd3 Re5 19. Rad1 Ke7 20. b4 a5 21. bxa5 Rxa5 22. Qc3 Rb8 23. Bb3 Re5 24. Rc1 Kf8 25. Qxc6 Qxc6 26. Rxc6 Rxe4 27. Rc7 Re7 28. Rxe7 Kxe7 29. e4 Kd6 30. Rf5 Nxe4 31. Rd5+ Kc6 32. Rxh5 g6 33. Rh7 f5 34. Rh6 Kc5 35. Rxg6 Kd4 36. Rg8 Rb6 37. Rf8 Ke5 38. Rd8 Nd6 39. Rd7 Rc6 40. h4 Ne4 41. Kh2 Rh6 42. g3 f4 43. Rd5+ Kf6 44. h5 fxg3+ 45. Kg2 Rh8 46. Bc2 Nc3 47. Rf5+ Kg7 48. a4 Rd8 49. Kxg3 Rd2 50. Bb3 Rd3+ 51. Kg2 Rd2+ 52. Kf1 Rb2 53. Bc4 Nxa4 54. Ra5 Nb6 55. Be2 Rd2 56. Rg5+ Kh8 57. Kf2 Rd6 58. Bf3 Nd7 59. Kg3 Nf6 60. Kf4 Rb6 61. Rc5 Kg7 62. Kf5 Kh6 63. Rc8 Nxh5 64. Rh8+ Kg7 65. Rxh5 Rb5+ 66. Kg4 Rxh5 67. Kxh5 1/2-1/2

[Event "BL2-West 2223"]
[Site "Germany"]
[Date "2023.02.05"]
[Round "6.4"]
[White "Stork, Oliver"]
[Black "Rotstein, Arkadij"]
[Result "1-0"]
[WhiteElo "2340"]
[BlackElo "2464"]
[PlyCount "67"]
[EventDate "2022.10.22"]
[EventType "team-tourn"]
[EventRounds "10"]
[EventCountry "GER"]
[SourceTitle "EXT 2024"]
[Source "ChessBase"]
[SourceDate "2023.10.10"]
[SourceVersion "1"]
[SourceVersionDate "2023.10.10"]
[SourceQuality "1"]
[WhiteTeam "Oberursel"]
[BlackTeam "Koeln Porz"]
[WhiteTeamCountry "GER"]
[BlackTeamCountry "GER"]

1. e4 c5 2. Nc3 e6 3. Nge2 a6 4. g3 b5 5. Bg2 Bb7 6. 0-0 b4 7. Na4 Nf6 8. d3 d5 9. e5 Nfd7 10. c4 bxc3 11. bxc3 Be7 12. c4 0-0 13. Rb1 Bc6 14. cxd5 Bxd5 15. Bxd5 exd5 16. f4 Nc6 17. Nec3 d4 18. Nd5 Nb4 19. Qb3 Rb8 20. Bd2 Nxd5 21. Qxd5 Rb5 22. f5 Bg5 23. e6 Bxd2 24. exd7 Be3+ 25. Kg2 c4 26. Rxb5 axb5 27. Nc5 Qa8 28. Qxa8 Rxa8 29. Nb7 Bg5 30. f6 Bxf6 31. Rxf6 gxf6 32. Kf3 c3 33. Ke2 Rxa2+ 34. Kd1 1-0

[Event "BL2-West 2223"]
[Site "Germany"]
[Date "2022.11.26"]
[Round "3.3"]
[White "Rotstein, Arkadij"]
[Black "Gaponenko, Inna"]
[Result "1/2-1/2"]
[WhiteElo "2464"]
[BlackElo "2348"]
[PlyCount "85"]
[EventDate "2022.10.22"]
[EventType "team-tourn"]
[EventRounds "10"]
[EventCountry "GER"]
[SourceTitle "EXT 2024"]
[Source "ChessBase"]
[SourceDate "2023.10.10"]
[SourceVersion "1"]
[SourceVersionDate "2023.10.10"]
[SourceQuality "1"]
[WhiteTeam "Koeln Porz"]
[BlackTeam "Solingen II"]
[WhiteTeamCountry "GER"]
[BlackTeamCountry "GER"]

1. Nf3 d5 2. e3 Nf6 3. c4 e6 4. Nc3 dxc4 5. Bxc4 c5 6. 0-0 a6 7. b3 b5 8. Be2 Nbd7 9. Bb2 Bb7 10. d4 Bd6 11. dxc5 Bxc5 12. Qb1 0-0 13. Rd1 Qc7 14. a3 Rac8 15. h3 Rfd8 16. b4 Be7 17. Rc1 Qb8 18. a4 bxa4 19. Nxa4 Be4 20. Rxc8 Qxc8 21. Qe1 Qb7 22. Ba3 Rb8 23. Nc3 Bxb4 24. Bxb4 Qxb4 25. Nxe4 Qxe1+ 26. Rxe1 Nxe4 27. Bxa6 Ndc5 28. Bf1 Nc3 29. Rc1 N5e4 30. Nd4 Rb1 31. Rc2 g6 32. g4 Nd5 33. Kg2 Kg7 34. Bd3 Nef6 35. g5 Nd7 36. Be4 N7b6 37. Ra2 Rc1 38. Rb2 h6 39. h4 hxg5 40. hxg5 Rc7 41. Bf3 Nc4 42. Rb8 Ne7 43. Rb7 1/2-1/2

[Event "BL2-West 2122"]
[Site "Germany"]
[Date "2022.07.03"]
[Round "10.2"]
[White "Lubbe, Melanie"]
[Black "Rotstein, Arkadij"]
[Result "0-1"]
[WhiteElo "2354"]
[BlackElo "2458"]
[PlyCount "56"]
[EventDate "2022.03.05"]
[EventType "team-tourn"]
[EventRounds "10"]
[EventCountry "GER"]
[SourceTitle "EXT 2023"]
[Source "ChessBase"]
[SourceDate "2022.10.05"]
[SourceVersion "1"]
[SourceVersionDate "2022.10.05"]
[SourceQuality "1"]
[WhiteTeam "Neuberg"]
[BlackTeam "Koeln Porz"]
[WhiteTeamCountry "GER"]
[BlackTeamCountry "GER"]

1. e4 c5 2. Nf3 e6 3. d4 cxd4 4. Nxd4 a6 5. Nc3 Qc7 6. Bd3 Nf6 7. f4 b5 8. e5 b4 9. Na4 Nd5 10. 0-0 Nc6 11. Be4 Nxd4 12. Qxd4 Bb7 13. Kh1 Rc8 14. c3 bxc3 15. bxc3 Qc4 16. Bd2 Ba3 17. Rab1 0-0 18. Rf3 Ba8 19. Rh3 g6 20. Bxd5 Bxd5 21. Nb6 Rb8 22. Re1 Qxd4 23. cxd4 Rxb6 24. Rxa3 Rb2 25. Rd1 Rc8 26. h3 Rcc2 27. Bc3 Rxg2 28. Bxb2 Rd2+ 0-1

[Event "BL2-West 2122"]
[Site "Germany"]
[Date "2022.06.19"]
[Round "8.3"]
[White "Jaracz, Pawel"]
[Black "Rotstein, Arkadij"]
[Result "1/2-1/2"]
[WhiteElo "2465"]
[BlackElo "2458"]
[PlyCount "38"]
[EventDate "2022.03.05"]
[EventType "team-tourn"]
[EventRounds "10"]
[EventCountry "GER"]
[SourceTitle "EXT 2023"]
[Source "ChessBase"]
[SourceDate "2022.10.05"]
[SourceVersion "1"]
[SourceVersionDate "2022.10.05"]
[SourceQuality "1"]
[WhiteTeam "Remagen Sinzig"]
[BlackTeam "Koeln Porz"]
[WhiteTeamCountry "GER"]
[BlackTeamCountry "GER"]

1. e4 c5 2. Nf3 e6 3. d4 cxd4 4. Nxd4 a6 5. Bd3 Nf6 6. 0-0 Qc7 7. Qe2 d6 8. c4 Nc6 9. Nxc6 bxc6 10. Nc3 Be7 11. f4 e5 12. Na4 0-0 13. Kh1 Qa5 14. Bc2 Bg4 15. Qf2 Be6 16. Bd2 Qc7 17. b3 exf4 18. Bxf4 Qa5 19. Rad1 Rad8 1/2-1/2

[Event "BL2-West 2122"]
[Site "Germany"]
[Date "2022.05.15"]
[Round "6.2"]
[White "Rotstein, Arkadij"]
[Black "Michalik, Peter"]
[Result "1/2-1/2"]
[WhiteElo "2458"]
[BlackElo "2581"]
[PlyCount "57"]
[EventDate "2022.03.05"]
[EventType "team-tourn"]
[EventRounds "10"]
[EventCountry "GER"]
[SourceTitle "EXT 2023"]
[Source "ChessBase"]
[SourceDate "2022.10.05"]
[SourceVersion "1"]
[SourceVersionDate "2022.10.05"]
[SourceQuality "1"]
[WhiteTeam "Koeln Porz"]
[BlackTeam "Heimbach Weis/Neuwied"]
[WhiteTeamCountry "GER"]
[BlackTeamCountry "GER"]

1. Nf3 d5 2. e3 c5 3. b3 Nc6 4. Bb2 e6 5. d4 cxd4 6. exd4 Nge7 7. Nbd2 Bd7 8. a3 g6 9. h4 Bg7 10. Ne5 Rc8 11. Ndf3 Qa5+ 12. c3 Nxe5 13. Nxe5 Bb5 14. h5 g5 15. h6 Bxe5 16. dxe5 Rg8 17. Rh5 Rg6 18. a4 Bxf1 19. Kxf1 Nc6 20. Qd2 Qb6 21. Rxg5 Qxb3 22. Ba3 Qxa4 23. Kg1 Rxh6 24. Rg8+ Kd7 25. Rg7 Qh4 26. Rxf7+ Kd8 27. Rf8+ Kd7 28. Rf7+ Kd8 29. Rf8+ 1/2-1/2

[Event "BL2-West 2122"]
[Site "Germany"]
[Date "2022.04.30"]
[Round "3.3"]
[White "Halvax, Georg"]
[Black "Rotstein, Arkadij"]
[Result "1-0"]
[WhiteElo "2404"]
[BlackElo "2458"]
[PlyCount "105"]
[EventDate "2022.03.05"]
[EventType "team-tourn"]
[EventRounds "10"]
[EventCountry "GER"]
[SourceTitle "EXT 2023"]
[Source "ChessBase"]
[SourceDate "2022.10.05"]
[SourceVersion "1"]
[SourceVersionDate "2022.10.05"]
[SourceQuality "1"]
[WhiteTeam "Solingen II"]
[BlackTeam "Koeln Porz"]
[WhiteTeamCountry "GER"]
[BlackTeamCountry "GER"]

1. d4 Nf6 2. c4 e6 3. Nf3 d5 4. e3 c5 5. a3 a6 6. dxc5 Bxc5 7. b4 Bd6 8. Nbd2 0-0 9. Bb2 Nc6 10. Be2 Qe7 11. 0-0 Rd8 12. Qc2 Bd7 13. Rac1 Rac8 14. Qb1 Bb8 15. Rfd1 h6 16. cxd5 exd5 17. Qa1 Bg4 18. Bxf6 gxf6 19. Nd4 Bxe2 20. Nxe2 Qe5 21. Nf3 Qxa1 22. Rxa1 a5 23. bxa5 Nxa5 24. Nfd4 Be5 25. Rab1 Rd7 26. g3 Nc4 27. Rb3 Ra8 28. Nb5 Ra5 29. Kg2 Kg7 30. Ned4 Kg6 31. Nf3 Bb2 32. Nh4+ Kh7 33. Rdd3 Be5 34. Nf5 h5 35. h3 Nb2 36. Rd2 Nc4 37. Rd1 Nb2 38. Rd2 Nc4 39. Rd1 Nb2 40. Rb1 Nc4 41. Rb4 Rd8 42. Rd1 b6 43. Ne7 Nxa3 44. Nc6 Rda8 45. Nxa3 Rxa3 46. Rxd5 Re8 47. Rxb6 Re6 48. Nxe5 Rxe5 49. Rdd6 h4 50. Rxf6 Kg7 51. g4 Ra2 52. Rf3 Re7 53. Rb5 1-0

[Event "BL2-West 1920"]
[Site "Germany"]
[Date "2021.08.08"]
[Round "9.3"]
[White "Scholz, Christian"]
[Black "Rotstein, Arkadij"]
[Result "0-1"]
[WhiteElo "2366"]
[BlackElo "2451"]
[PlyCount "128"]
[EventDate "2019.09.19"]
[EventType "team-tourn"]
[EventRounds "9"]
[EventCountry "GER"]
[SourceTitle "EXT 2023"]
[Source "ChessBase"]
[SourceDate "2022.10.05"]
[SourceVersion "1"]
[SourceVersionDate "2022.10.05"]
[SourceQuality "1"]
[WhiteTeam "Dortmund Hansa"]
[BlackTeam "Koeln Porz"]
[WhiteTeamCountry "GER"]
[BlackTeamCountry "GER"]

1. d4 g6 2. e4 Bg7 3. c4 c5 4. d5 d6 5. Nf3 e6 6. Bd3 Ne7 7. 0-0 0-0 8. h3 Nd7 9. Qc2 e5 10. Nc3 h6 11. g4 f5 12. exf5 gxf5 13. gxf5 Qe8 14. Nb5 Qh5 15. Nh2 Qxh3 16. f3 Nxf5 17. Bxf5 Rxf5 18. Nxd6 Rh5 19. Be3 e4 20. Nxe4 Ne5 21. Rf2 Bf5 22. Qe2 Rf8 23. Raf1 b6 24. Rg2 Bxe4 25. fxe4 Rxf1+ 26. Nxf1 Rh4 27. Ng3 Ng4 28. Kf1 Nxe3+ 29. Qxe3 Rg4 30. Qf3 Rg5 31. d6 Be5 32. d7 Qxd7 33. Nf5 Rxg2 34. Qxg2+ Kh7 35. b3 Qd1+ 36. Kf2 Qd2+ 37. Kf3 Qxg2+ 38. Kxg2 Kg6 39. Kf3 h5 40. Ne7+ Kf6 41. Nd5+ Ke6 42. Ne3 Bc7 43. Ng2 Kf6 44. Ne1 h4 45. Kg4 Ke5 46. Kxh4 Kxe4 47. Kg4 a6 48. Nf3 b5 49. Ng5+ Kd3 50. cxb5 axb5 51. Kf5 c4 52. bxc4 bxc4 53. Ne4 Kd4 54. Nd2 c3 55. Nb3+ Kd5 56. Na1 Kd4 57. Nb3+ Kd3 58. a4 c2 59. Nc1+ Kd4 60. Ne2+ Kd5 61. Nc1 Ba5 62. Kg4 Bd2 63. Nb3 Kc4 64. Nxd2+ Kb4 0-1

[Event "BL2-West 1920"]
[Site "Germany"]
[Date "2020.03.01"]
[Round "7.1"]
[White "Dgebuadze, Alexandre"]
[Black "Rotstein, Arkadij"]
[Result "1-0"]
[WhiteElo "2477"]
[BlackElo "2456"]
[PlyCount "59"]
[EventDate "2019.09.19"]
[EventType "team-tourn"]
[EventRounds "9"]
[EventCountry "GER"]
[SourceTitle "EXT 2023"]
[Source "ChessBase"]
[SourceDate "2022.10.05"]
[SourceVersion "1"]
[SourceVersionDate "2022.10.05"]
[SourceQuality "1"]
[WhiteTeam "Remagen Sinzig"]
[BlackTeam "Koeln Porz"]
[WhiteTeamCountry "GER"]
[BlackTeamCountry "GER"]

1. c4 e5 2. Nc3 d6 3. g3 g6 4. d4 Nc6 5. d5 Nce7 6. Nf3 Bh6 7. Bxh6 Nxh6 8. h4 Bg4 9. Qd2 Bxf3 10. exf3 Nhf5 11. h5 Nd4 12. 0-0-0 c6 13. hxg6 fxg6 14. f4 0-0 15. fxe5 dxe5 16. f4 Nef5 17. Bg2 exf4 18. gxf4 c5 19. Ne4 Qc7 20. d6 Nxd6 21. Ng5 h5 22. Bd5+ Kh8 23. Rxh5+ gxh5 24. Qh2 Kg7 25. Qxh5 Rh8 26. Ne6+ Nxe6 27. Rg1+ Kf6 28. Qe5+ Ke7 29. Rg7+ Kd8 30. Qf6+ 1-0

[Event "AUT-chT2W 1920"]
[Site "Austria"]
[Date "2019.10.06"]
[Round "3.3"]
[White "Rotstein, Arkadij"]
[Black "Pali, Philipp"]
[Result "1-0"]
[WhiteElo "2469"]
[BlackElo "2249"]
[PlyCount "47"]
[EventDate "2019.10.04"]
[EventType "team-tourn"]
[EventRounds "11"]
[EventCountry "AUT"]
[SourceTitle "CBM 192 Extra"]
[Source "Chessbase"]
[SourceDate "2019.11.06"]
[SourceVersion "1"]
[SourceVersionDate "2019.11.06"]
[SourceQuality "1"]
[WhiteTeam "Absam"]
[BlackTeam "Jenbach II"]
[WhiteTeamCountry "AUT"]
[BlackTeamCountry "AUT"]

1. Nf3 Nf6 2. d4 d5 3. c4 e6 4. e3 Bb4+ 5. Nbd2 0-0 6. a3 Be7 7. b3 b6 8. Bb2 Bb7 9. Bd3 Nbd7 10. Rc1 Bd6 11. 0-0 Qe7 12. b4 c5 13. cxd5 exd5 14. bxc5 bxc5 15. dxc5 Nxc5 16. Be2 Rac8 17. Nd4 Bb8 18. Nf5 Qe6 19. Bg4 Nxg4 20. Qxg4 Be5 21. Bxe5 Qxe5 22. Qg5 Rfe8 23. Nf3 Ne4 24. Nh6+ 1-0

[Event "Arber op 8th"]
[Site "Bodenmais"]
[Date "2019.08.04"]
[Round "9"]
[White "Rotstein, Arkadij"]
[Black "Danninger, Jannik"]
[Result "1-0"]
[WhiteElo "2471"]
[BlackElo "1842"]
[PlyCount "94"]
[EventDate "2019.07.27"]
[EventType "swiss"]
[EventRounds "9"]
[EventCountry "GER"]
[SourceTitle "CBM 191 Extra"]
[Source "ChessBase"]
[SourceDate "2019.09.30"]
[SourceVersion "1"]
[SourceVersionDate "2019.09.30"]
[SourceQuality "1"]

1. c4 e5 2. Nc3 Nf6 3. Nf3 Nc6 4. a3 d5 5. cxd5 Nxd5 6. e3 a6 7. Qc2 f5 8. Nxd5 Qxd5 9. Bc4 Qd8 10. d3 Be7 11. b4 Bf6 12. Bb2 Qe7 13. Bd5 Nd8 14. 0-0 c6 15. Bb3 Be6 16. e4 f4 17. d4 Bxb3 18. Qxb3 Nf7 19. dxe5 Nxe5 20. Bxe5 Bxe5 21. Rad1 Bc7 22. a4 Rd8 23. b5 axb5 24. axb5 Qf7 25. Rxd8+ Bxd8 26. Qxf7+ Kxf7 27. bxc6 bxc6 28. Ne5+ Kf6 29. Nxc6 Bb6 30. Rb1 Bc5 31. Rb5 Ra8 32. Na5 Bd6 33. Kf1 h6 34. Nc4 Bc7 35. Ke2 Rd8 36. Rc5 Rd7 37. h4 g6 38. h5 g5 39. Rc6+ Kg7 40. Kf3 Re7 41. Kg4 Be5 42. f3 Bb8 43. Nb6 Rf7 44. Nd5 Be5 45. Re6 Bd4 46. e5 Rd7 47. Rg6+ Kf7 1-0

[Event "Arber op 8th"]
[Site "Bodenmais"]
[Date "2019.07.31"]
[Round "5"]
[White "Rotstein, Arkadij"]
[Black "Poetz, Florian"]
[Result "0-1"]
[WhiteElo "2471"]
[BlackElo "2389"]
[PlyCount "109"]
[EventDate "2019.07.27"]
[EventType "swiss"]
[EventRounds "9"]
[EventCountry "GER"]
[SourceTitle "CBM 191 Extra"]
[Source "ChessBase"]
[SourceDate "2019.09.30"]
[SourceVersion "1"]
[SourceVersionDate "2019.09.30"]
[SourceQuality "1"]

1. d4 Nf6 2. Nf3 e6 3. e3 b6 4. Bd3 Bb7 5. 0-0 Be7 6. c4 0-0 7. Nc3 d5 8. cxd5 Nxd5 9. e4 Nxc3 10. bxc3 c5 11. Bf4 cxd4 12. cxd4 Nc6 13. d5 Nb4 14. Bb1 Bf6 15. a3 Bxa1 16. axb4 exd5 17. e5 g6 18. h4 Bc3 19. Ng5 Bxb4 20. h5 f5 21. Ba2 Be7 22. Ne6 Qd7 23. Nxf8 Rxf8 24. h6 g5 25. Be3 Qe6 26. Bd4 Qxh6 27. Qa4 Qc6 28. Qxc6 Bxc6 29. Rc1 Ba8 30. Rc7 Bc5 31. Bb2 a5 32. e6 Rd8 33. Rg7+ Kf8 34. Rf7+ Ke8 35. Bf6 Rd6 36. Re7+ Kf8 37. Rf7+ Ke8 38. Re7+ Kf8 39. Ra7 Bc6 40. Be7+ Ke8 41. Bxd6 Bxd6 42. Rxh7 a4 43. Ra7 a3 44. Rf7 f4 45. Rg7 d4 46. Rxg5 d3 47. Kf1 Bb4 48. f3 Ke7 49. Bc4 Bc3 50. Rf5 d2 51. Ke2 Ba4 52. Rd5 b5 53. Rd7+ Ke8 54. Ba2 b4 55. Bc4 0-1

[Event "Arber op 8th"]
[Site "Bodenmais"]
[Date "2019.07.30"]
[Round "4"]
[White "Schleining, Zoya"]
[Black "Rotstein, Arkadij"]
[Result "1/2-1/2"]
[WhiteElo "2339"]
[BlackElo "2471"]
[PlyCount "158"]
[EventDate "2019.07.27"]
[EventType "swiss"]
[EventRounds "9"]
[EventCountry "GER"]
[SourceTitle "CBM 191 Extra"]
[Source "ChessBase"]
[SourceDate "2019.09.30"]
[SourceVersion "1"]
[SourceVersionDate "2019.09.30"]
[SourceQuality "1"]

1. d4 g6 2. e4 Bg7 3. Nc3 c6 4. h3 d5 5. Nf3 dxe4 6. Nxe4 Nd7 7. Bc4 Ngf6 8. Nxf6+ Nxf6 9. 0-0 0-0 10. Re1 Qc7 11. Qe2 e6 12. a4 b6 13. Ne5 Nd5 14. Bxd5 cxd5 15. Bf4 Qb7 16. Ng4 h5 17. Ne5 Kh7 18. Ra3 Qe7 19. Rf3 Bd7 20. g4 h4 21. Bg5 Qxg5 22. Nxd7 Bxd4 23. Nxf8+ Rxf8 24. c3 Bg7 25. Qe3 Qe7 26. Qd3 Qc7 27. Qd2 Kg8 28. Qg5 Qc6 29. Qxh4 d4 30. Qg3 dxc3 31. bxc3 Qxa4 32. Qc7 b5 33. Ree3 a5 34. Rd3 e5 35. Rd8 Qa2 36. Rxf8+ Bxf8 37. Qxe5 a4 38. Qxb5 a3 39. c4 Qa1+ 40. Kg2 a2 41. Qb8 Qg7 42. Ra3 a1Q 43. Rxa1 Qxa1 44. Qf4 Bc5 45. h4 Qd4 46. Qxd4 Bxd4 47. f4 Kf8 48. Kf3 Ke7 49. Ke4 Bf2 50. h5 gxh5 51. gxh5 Ke6 52. f5+ Kf6 53. h6 Bc5 54. Kd5 Be3 55. h7 Kg7 56. c5 Kxh7 57. Kd6 Kg7 58. c6 Kf6 59. Kd7 Bf4 60. Ke8 Bd6 61. Kd7 Bf4 62. Ke8 Bg3 63. Kf8 Bf4 64. Ke8 Bd6 65. Kd7 Bh2 66. Ke8 Bb8 67. Kf8 Bd6+ 68. Ke8 Bc7 69. Kd7 Bb6 70. Ke8 Ba5 71. Kf8 Bb6 72. Ke8 Kg7 73. Kd7 Ba5 74. Ke8 Bc7 75. Kd7 Be5 76. Ke8 Kf6 77. Kf8 Bb8 78. Ke8 Bd6 79. Kd7 Be5 1/2-1/2

[Event "Arber op 8th"]
[Site "Bodenmais"]
[Date "2019.07.27"]
[Round "1"]
[White "Rotstein, Arkadij"]
[Black "Uneken, Bert"]
[Result "1-0"]
[WhiteElo "2471"]
[BlackElo "1860"]
[PlyCount "35"]
[EventDate "2019.07.27"]
[EventType "swiss"]
[EventRounds "9"]
[EventCountry "GER"]
[SourceTitle "CBM 191 Extra"]
[Source "ChessBase"]
[SourceDate "2019.09.30"]
[SourceVersion "1"]
[SourceVersionDate "2019.09.30"]
[SourceQuality "1"]

1. c4 Nf6 2. Nc3 c5 3. g3 Nc6 4. Bg2 g6 5. e4 Bg7 6. Nge2 d6 7. 0-0 Be6 8. d3 Qc8 9. Nd5 Bd7 10. Rb1 0-0 11. Bg5 Bh3 12. Qd2 Re8 13. Bxh3 Qxh3 14. Bxf6 Bxf6 15. Nc7 Ne5 16. f3 Qh5 17. Kg2 Bg5 18. f4 1-0

[Event "Oberliga NRW 1819"]
[Site "Germany"]
[Date "2019.05.12"]
[Round "9"]
[White "Straeter, Timo"]
[Black "Rotstein, Arkadij"]
[Result "1/2-1/2"]
[WhiteElo "2357"]
[BlackElo "2481"]
[PlyCount "109"]
[EventDate "2018.09.16"]
[EventType "team-tourn"]
[EventRounds "9"]
[EventCountry "GER"]
[SourceTitle "EXT 2020"]
[Source "ChessBase"]
[SourceDate "2019.10.17"]
[SourceVersion "1"]
[SourceVersionDate "2019.10.17"]
[SourceQuality "1"]
[WhiteTeam "Wattenscheid"]
[BlackTeam "Koeln Porz"]
[WhiteTeamCountry "GER"]
[BlackTeamCountry "GER"]

1. d4 Nf6 2. Nf3 g6 3. Bg5 Bg7 4. Nbd2 h6 5. Bh4 c5 6. Bxf6 Bxf6 7. Ne4 Qb6 8. Nxf6+ Qxf6 9. c3 cxd4 10. Qxd4 Qxd4 11. cxd4 Nc6 12. Rc1 d6 13. e3 Be6 14. Bb5 0-0 15. Bxc6 bxc6 16. Rxc6 Bxa2 17. Kd2 Rab8 18. Kc1 Bd5 19. Rc7 Rfc8 20. Rxc8+ Rxc8+ 21. Kd2 Rb8 22. Kc3 Rb3+ 23. Kc2 Rb7 24. Ra1 Be4+ 25. Kc1 Rc7+ 26. Kd1 Rb7 27. Kc1 Bxf3 28. gxf3 Kg7 29. Ra5 Kf6 30. Kc2 e6 31. e4 e5 32. Rd5 Ke6 33. dxe5 dxe5 34. Ra5 Kf6 35. h4 h5 36. Ra6+ Kg7 37. Ra5 Re7 38. Kd3 Rb7 39. Kc3 Rc7+ 40. Kd2 Rd7+ 41. Ke2 Rb7 42. Kf1 Kf6 43. Kg2 Ke6 44. Ra6+ Kd7 45. Ra5 Kc6 46. b4 Re7 47. Kg3 Kb6 48. Rd5 a6 49. Rc5 Re6 50. Rd5 f6 51. f4 exf4+ 52. Kxf4 Rc6 53. f3 Kc7 54. b5 axb5 55. Rxb5 1/2-1/2

[Event "BEL-chT 1819"]
[Site "Belgium"]
[Date "2019.04.07"]
[Round "11.5"]
[White "Rotstein, Arkadij"]
[Black "Buscher, Michael"]
[Result "1-0"]
[WhiteElo "2481"]
[BlackElo "2393"]
[PlyCount "97"]
[EventDate "2018.09.30"]
[EventType "team-tourn"]
[EventRounds "11"]
[EventCountry "BEL"]
[SourceTitle "CBM 189 Extra"]
[Source "ChessBase"]
[SourceDate "2019.06.03"]
[SourceVersion "1"]
[SourceVersionDate "2019.06.03"]
[SourceQuality "1"]
[WhiteTeam "Wirtzfeld"]
[BlackTeam "Echiquier Mosan"]
[WhiteTeamCountry "BEL"]
[BlackTeamCountry "BEL"]

1. c4 f5 2. Nf3 Nf6 3. g3 g6 4. b4 Bg7 5. Bb2 d6 6. d4 e5 7. dxe5 Ng4 8. Qb3 Nxe5 9. Nxe5 dxe5 10. Bg2 c6 11. e4 0-0 12. exf5 gxf5 13. c5+ Kh8 14. 0-0 Qe7 15. Re1 Be6 16. Qc3 e4 17. Qxg7+ Qxg7 18. Bxg7+ Kxg7 19. Nc3 Na6 20. a3 Rad8 21. f3 exf3 22. Bxf3 Rd3 23. Rxe6 Rxf3 24. Ne2 Nc7 25. Re7+ Rf7 26. Rxc7 Rxc7 27. Nd4 Rd3 28. Ne6+ Kf7 29. Nxc7 Rd7 30. Na8 Rd8 31. Nb6 axb6 32. cxb6 Rd5 33. a4 Ke6 34. Re1+ Kd7 35. Rf1 Kd6 36. Rf4 h5 37. Rh4 c5 38. bxc5+ Kxc5 39. Rxh5 Kxb6 40. Rh4 Kc6 41. Kf2 Kd6 42. Ke3 b5 43. axb5 Rxb5 44. Kf4 Rb4+ 45. Kg5 Rb5 46. Kf6 Rc5 47. Rd4+ Kc6 48. Rd2 Kc7 49. Rf2 1-0

[Event "Oberliga NRW 1819"]
[Site "Germany"]
[Date "2019.03.17"]
[Round "7.2"]
[White "Rotstein, Arkadij"]
[Black "Holtel, Jasper"]
[Result "1-0"]
[WhiteElo "2481"]
[BlackElo "2210"]
[PlyCount "93"]
[EventDate "2018.09.16"]
[EventType "team-tourn"]
[EventRounds "9"]
[EventCountry "GER"]
[SourceTitle "EXT 2020"]
[Source "ChessBase"]
[SourceDate "2019.10.17"]
[SourceVersion "1"]
[SourceVersionDate "2019.10.17"]
[SourceQuality "1"]
[WhiteTeam "Koeln Porz"]
[BlackTeam "Muenster"]
[WhiteTeamCountry "GER"]
[BlackTeamCountry "GER"]

1. e4 c5 2. Nc3 a6 3. g3 b5 4. Bg2 Bb7 5. Nge2 e6 6. d4 cxd4 7. Nxd4 b4 8. Na4 Nf6 9. 0-0 Bxe4 10. Bxe4 Nxe4 11. c4 bxc3 12. Re1 d5 13. Nxc3 Nxc3 14. Qh5 g6 15. Qe5 Ne4 16. Qxh8 Qf6 17. Qxf6 Nxf6 18. Be3 Nbd7 19. Nc6 Bd6 20. Rac1 Ne5 21. Nxe5 Bxe5 22. Re2 Nd7 23. Rec2 Ke7 24. f4 Bg7 25. b3 d4 26. Bd2 e5 27. Bb4+ Ke6 28. Rc7 Bf8 29. Bxf8 Nxf8 30. fxe5 Rd8 31. Rc8 Rxc8 32. Rxc8 Nd7 33. Re8+ Kf5 34. g4+ Ke4 35. e6 fxe6 36. Rxe6+ Ne5 37. Kf2 a5 38. g5 Kd5 39. Re7 Nd3+ 40. Ke2 Nc1+ 41. Kd2 Nxa2 42. Rxh7 Nc3 43. Ra7 Ne4+ 44. Ke2 Kc5 45. Rxa5+ Kb4 46. Re5 Nc5 47. Rxc5 1-0

[Event "AUT-chT2W 1819"]
[Site "Austria"]
[Date "2019.03.10"]
[Round "11.3"]
[White "Breneis, Lukas"]
[Black "Rotstein, Arkadij"]
[Result "1/2-1/2"]
[WhiteElo "2192"]
[BlackElo "2481"]
[PlyCount "80"]
[EventDate "2018.10.12"]
[EventType "team-tourn"]
[EventRounds "11"]
[EventCountry "AUT"]
[SourceTitle "CBM 189 Extra"]
[Source "ChessBase"]
[SourceDate "2019.06.03"]
[SourceVersion "1"]
[SourceVersionDate "2019.06.03"]
[SourceQuality "1"]
[WhiteTeam "Oberland"]
[BlackTeam "Absam"]
[WhiteTeamCountry "AUT"]
[BlackTeamCountry "AUT"]

1. e4 c5 2. Nf3 e6 3. d4 cxd4 4. Nxd4 Nf6 5. Nc3 d6 6. g4 a6 7. g5 Nfd7 8. Be3 Be7 9. h4 b5 10. Bd3 Bb7 11. a3 Nc6 12. Qh5 Nc5 13. f4 0-0 14. 0-0-0 Rc8 15. Rhg1 Nxd3+ 16. Rxd3 Nxd4 17. Bxd4 Qc7 18. Bxg7 Kxg7 19. f5 Kh8 20. f6 Bd8 21. Qh6 Rg8 22. h5 Bxe4 23. g6 fxg6 24. f7 Qxf7 25. Nxe4 d5 26. Nd6 Qf2 27. Rg2 Rxc2+ 28. Kd1 Qf1+ 29. Kxc2 Qxg2+ 30. Kb3 Qf1 31. Qe3 Rf8 32. hxg6 Be7 33. Nf7+ Kg8 34. Qg3 a5 35. Ka2 Bf6 36. Qc7 Bg7 37. Nh6+ Kh8 38. Nf7+ Kg8 39. Nh6+ Kh8 40. Nf7+ Kg8 1/2-1/2